Statistics for Overwatch Contenders Champions - North America

Click here to take the quiz!

General Stats

  • This quiz has been taken 43 times
    (8 since last reset)
  • The average score is 5 of 12

Answer Stats

YearTournamentWinner% Correct
2021Season 2 - JulyAmerican Tornado
100%
2022Summer Series: B-SidesOdyssey
63%
2019Season 2 - WestTeam Envy
63%
2022Run it BackRedbird Esports
50%
2019Season 2 - EastATL Academy
38%
2019Season 1 - EastFusion University
38%
2017Season 0Immortals
38%
2023Spring SeriesSaints
38%
2023Summer SeriesWISP
38%
2021Season 1 - MarchRevival
25%
2020Season 2 - JulySlept On
13%
2020Season 1Team Doge
13%

Score Distribution

Percentile by Number Answered

Percent of People with Each Score

Your Score History

You have not taken this quiz since the last reset